APCOM 2000. Applied physics of condensed matter 2000 : Proceedings of the 6th international workshop. Kočovce, Slovak Republic. 19.- 21. June 2000

Salvato in:
Dettagli Bibliografici
Altri autori: Mudroň, Ján (Compilatore)
Natura: Libro
Lingua:inglese
Pubblicazione: Liptovský Mikuláš : Military Academy, 2000
Soggetti:
Tags: Aggiungi Tag
Nessun Tag, puoi essere il primo ad aggiungerne!!

MARC

LEADER 00000nam a22000003a 4500
001 stu54865
005 20190513144056.4
008 000823s2000----xo------------------eng-d
020 |a 80-8040-132-2 
040 |a STU  |b slo 
041 0 |a eng 
044 |a xo 
080 |a 538.9  |7 stu_us_auth*stu7967 
080 |a 621.315.592 
080 |a 061.3(08) 
084 |a A7210  |2 INS 
084 |a A7220  |2 INS 
084 |a A7320  |2 INS  |7 stu_us_auth*stu6105 
084 |a A7325  |2 INS 
084 |a A7330  |2 INS 
084 |a B2520  |2 INS 
084 |a B2530  |2 INS  |7 stu_us_auth*stu6107 
100 1 |a Mudroň, Ján  |4 com 
245 1 |a APCOM 2000. Applied physics of condensed matter 2000 :  |b Proceedings of the 6th international workshop. Kočovce, Slovak Republic. 19.- 21. June 2000 
260 |a Liptovský Mikuláš :  |b Military Academy,  |c 2000 
300 |a 164 s 
650 7 |a fyzika polovodičov  |2 stusub 
650 7 |a fyzika tuhých látok  |2 stusub 
650 7 |a polovodičové štruktúry  |2 stusub 
996 |b 284EZ00088  |c E*Z-653  |l EE0102  |s P  |a 0  |w stu54865_0001